Neodkladné opatrenie v kontexte porušenia predkupného práva
Poukázanie na niektoré praktické problémy, ktoré sa spájajú s Inštitútom neodkladného opatrenia, ako aj s následným zápisom vecného práva do katastra nehnuteľností. Formulácia návrhov na zmenu právnej úpravy tak, aby sa posilnila právna ochrana podielového spoluvlastníka, ktorá sa domáha nárokov z p...
Gespeichert in:
| 1. Verfasser: | |
|---|---|
| Format: | Buchkapitel |
| Sprache: | Slowakisch |
| Schlagworte: | |
| Tags: |
Keine Tags, Fügen Sie das erste Tag hinzu!
|
MARC
| LEADER | 00000naa a2200000 4500 | ||
|---|---|---|---|
| 001 | 0298334 | ||
| 005 | 20240417075259.6 | ||
| 041 | 0 | |a slo | |
| 044 | |a SK | ||
| 245 | 1 | 0 | |a Neodkladné opatrenie v kontexte porušenia predkupného práva |c Rastislav Trnka |
| 520 | |a Poukázanie na niektoré praktické problémy, ktoré sa spájajú s Inštitútom neodkladného opatrenia, ako aj s následným zápisom vecného práva do katastra nehnuteľností. Formulácia návrhov na zmenu právnej úpravy tak, aby sa posilnila právna ochrana podielového spoluvlastníka, ktorá sa domáha nárokov z porušenia predkupného práva. | ||
| 610 | 2 | 0 | |a úpravy právne |
| 610 | 2 | 0 | |a spoluvlastníctvo |
| 610 | 2 | 0 | |a opatrenia |
| 610 | 2 | 0 | |a kúpa |
| 610 | 2 | 0 | |a kataster nehnuteľností |
| 610 | 2 | 0 | |a právo vlastnícke |
| 100 | 1 | |a Trnka, Rastislav | |